000 00303nam a22001337a 4500
008 170130b xxu||||| |||| 00| 0 eng d
020 _a1879694093
041 _aeng
080 _a61
100 _a3
101 _aSHMI
245 _aTHE UNIVERSITY IN THE URBAN COMMUNITY
_cHOGNESS, J.R
942 _2udc
_cBK
999 _c3983
_d3983